Government Finance Statistics Yearbook 2006

Guardado en:
Detalles Bibliográficos
Autor Corporativo: International Monetary Fund. Statistics Department
Formato: Libro
Lenguaje:inglés
Publicado: Washington, D.C. IMF 2006
Materias:
Etiquetas: Agregar Etiqueta
Sin Etiquetas, Sea el primero en etiquetar este registro!

MARC

LEADER 00000nam a2200000 4500
001 0053399
005 20251218124431.1
020 |a 1-58906-580-8 
022 |a 0250-7374 
041 0 |a eng 
044 |a US 
245 1 0 |a Government Finance Statistics Yearbook 2006 
264 1 |a Washington, D.C.  |b IMF  |c 2006 
300 |a 584 s. 
610 2 0 |a financie 
610 2 0 |a financie štátne 
610 2 0 |a štatistika finančná 
610 2 0 |a politika finančná 
710 2 |a International Monetary Fund. Statistics Department